Normal view MARC view

Entry Topical Term

Number of records used in: 1

001 - CONTROL NUMBER

  • control field: 898521

003 - CONTROL NUMBER IDENTIFIER

  • control field:

005 - DATE AND TIME OF LATEST TRANSACTION

  • control field: 20210627092533.0

008 - FIXED-LENGTH DATA ELEMENTS

  • fixed length control field: 210627|| aca||aabn | a|a d

040 ## - CATALOGING SOURCE

  • Original cataloging agency:
  • Transcribing agency:

150 ## - HEADING--TOPICAL TERM

  • Topical term or geographic name entry element: Education, Primary
  • Geographic subdivision: India
  • General subdivision: Congressess

670 ## - SOURCE DATA FOUND

  • Source citation: Work cat.: ()772020: National Seminar on Compulsory Primary Education (2nd : 1962 May 30-June 5 : Pachmari) 898520, Report of the 2nd National Seminar on Compulsory Primary Education held on 1962 May 30th to June 5th at Pachmari, 1962
                                                                           
web counter

Copyright ©2020 The National Library of India, Govt. of India ↔ Hosted by NVLI, MOC ↔ Technology and Design by National Library of India, Ministry of Culture, Govt. of India